Central Library OPAC University of Rajshahi

Corporate collapse : (Record no. 56496)

MARC details
000 -LEADER
fixed length control field 00934nam a2200289 a 4500
001 - CONTROL NUMBER
control field 56496
003 - CONTROL NUMBER IDENTIFIER
rucl marc code BD-RjUL
005 - DATE AND TIME OF LATEST TRANSACTION
control field 20211209080414.0
008 - FIXED-LENGTH DATA ELEMENTS--GENERAL INFORMATION
fixed length control field 161129s2003 enka b 001 0 eng
020 ## - INTERNATIONAL STANDARD BOOK NUMBER
International Standard Book Number 0521826845
International Standard Book Number 0521534267 (pb.)
035 ## - SYSTEM CONTROL NUMBER
System control number (BD-RjUL)56620
040 ## - CATALOGING SOURCE
Original cataloging agency DLC
Transcribing agency DLC
Modifying agency BD-RjUL
Language of cataloging eng
041 ## - LANGUAGE CODE
Language code of text/sound track or separate title eng
082 00 - DEWEY DECIMAL CLASSIFICATION NUMBER
Classification number 657
Edition number 23
Author mark and year CLC 2003
100 1# - MAIN ENTRY--PERSONAL NAME
Personal name Clarke, Frank L.
9 (RLIN) 168022
245 10 - TITLE STATEMENT
Title Corporate collapse :
Remainder of title accounting, regulatory, and ethical failure /
Statement of responsibility, etc. Frank Clarke, Graeme Dean, Kyle Oliver.
250 ## - EDITION STATEMENT
Edition statement 2nd ed.
260 ## - PUBLICATION, DISTRIBUTION, ETC. (IMPRINT)
Place of publication, distribution, etc. New York :
Name of publisher, distributor, etc. Cambridge University Press,
Date of publication, distribution, etc. 2003.
300 ## - PHYSICAL DESCRIPTION
Pagination xxviii, 383 p. :
Illustrations ill. ;
Size 24 cm.
504 ## - BIBLIOGRAPHY, ETC. NOTE
Bibliography, etc Includes bibliographical references and index.
650 #0 - SUBJECT ADDED ENTRY--TOPICAL TERM
Topical term or geographic name as entry element Accounting.
General subdivision Corporations
9 (RLIN) 168023
Topical term or geographic name as entry element Business ethics
9 (RLIN) 168024
700 1# - ADDED ENTRY--PERSONAL NAME
Personal name Dean, G. W.
Personal name Oliver, K. G.
Fuller form of name (Kyle Gaius),
Dates associated with a name 1965-
942 ## - ADDED ENTRY ELEMENTS (KOHA)
Source of classification or shelving scheme Dewey Decimal Classification
Koha item type Books
Holdings
Lost status Source of classification or shelving scheme Damaged status Not for loan Collection code Permanent Location Current Location Shelving location Date acquired Source of acquisition Cost, normal purchase price Total Checkouts Full call number Date last seen Copy number Koha item type
  Dewey Decimal Classification   Not For Loan Non-fiction Central Library, University of Rajshahi Central Library, University of Rajshahi Reading Room 06/06/2009 Dhaka, Ahsonia mission Book House, 2102.35   657 CLC 2003 01/12/2016 C-1 Books